000 01072nam a2200289 c 4500
003 BLK
005 20180420234943.0
008 180410b bul|||||r ||||||| ||bul||
010 _aKNG00173206000
040 _aBLK
041 _aBUL
_cBUL
080 _aБългарска литература
_b821.163.2
_x-32
_z821.163.2-32
100 1 _aДенчев, Пенко
_eпърви автор
_9336807
139 _aДенчев, Пенко
_bД 43
245 1 0 _aПровалът на групата Алекс
_bНовели
_cПенко Денчев.
257 _aBGR
260 София
_bНар. младеж
_c1989
_fВарна : Ст. Добрев-Странджата
300 _a212 с.
_c20 см
380 _aX
490 1 _aБиблиотека Политически детектив
500 _a50 150 тир.
852 _aЦб 160567
856 4 _qpdf
_u
856 4 _qpdf
_u
942 _cKNG
_n0
944 _aCR
_c17.03.2015
_l17.03.2015 - от С1,Р / 17.03.2015
_kНаталия_Любомирова
944 _aED
_c17.03.2015
_l17.03.2015 - от С1,Р / 17.03.2015
_k
999 _c165586
_d165586